Úvod do studia marxistické sociologie /

Hlavní autor: Kučera, Stanislav, 1928-2011
Jazyk: Čeština
Vydáno: Praha : Univerzita Karlova, 1982
Vydání: 1. vyd.
Témata:
Fyzický popis: 178 s. ; 30 cm
Knihy
Uloženo v:
LEADER 00946nam a22003012a 4500
001 000923363
003 CZ BrMZK
005 20081203072253.0
007 ta
008 081203s1982 xr er|||||||||||cze d
015 |a cnb000068337 
020 |q (Brož.) :  |c 9 Kčs 
035 |a (OCoLC)39560229 
040 |a ABA001  |b cze  |d ABA001  |d BOA001 
080 9 |a 301 
080 9 |a 141.82 
100 1 |a Kučera, Stanislav,  |d 1928-2011  |7 jk01070585  |4 aut 
245 1 0 |a Úvod do studia marxistické sociologie /  |c Stanislav Kučera 
250 |a 1. vyd. 
260 |a Praha :  |b Univerzita Karlova,  |c 1982  |f (TZ 52) 
300 |a 178 s. ;  |c 30 cm 
500 |a 1200 výt. 
655 7 |a učebnice vysokých škol  |7 fd133772  |2 czenas 
910 |a BOA001  |b 4-0855.740 
964 |a Marxistická sociologie - učebnice - školy vysoké 
990 |a BK 
991 |b 200812 
996 6 |b BC-621489  |c 4-0855.740  |l MZK  |r Sklad / do 1 hodiny  |n 0  |w 000923363  |u 000010  |a 1  |e BOA001  |j MZK50  |s P